| 000 -LEADER |
| fixed length control field |
00560nam a22001817a 4500 |
| 003 - CONTROL NUMBER IDENTIFIER |
| control field |
OSt |
| 005 - DATE AND TIME OF LATEST TRANSACTION |
| control field |
20181001061532.0 |
| 008 - FIXED-LENGTH DATA ELEMENTS--GENERAL INFORMATION |
| fixed length control field |
180312b xxu||||| |||| 00| 0 spa d |
| 020 ## - INTERNATIONAL STANDARD BOOK NUMBER |
| International Standard Book Number |
8425909511 |
| 040 ## - CATALOGING SOURCE |
| Transcribing agency |
PJ |
| 100 ## - ASIENTO PRINCIPAL - NOMBRE DE PERSONA |
| Personal name |
Soper, Philip |
| 245 10 - MENCIÓN DE TÍTULO |
| Título propiamente dicho |
Una teoría del derecho / |
| Mención de responsabilidad, etc |
Philip Soper; traducción de Ricardo Caracciolo; con la colaboración de Silvia Vera. |
| 300 ## - DESCRIPCION FISICA |
| Extent |
240 p.; |
| 490 ## - MENCION DE SERIE |
| Mención de Serie |
El Derecho y la Justicia |
| Designación numérica/secuencial del volumen |
36 |
| 650 ## - ASIENTO SECUNDARIO DE MATERIA - TERMINO TEMATICO |
| Topical term or geographic name as entry element |
DERECHO EN GENERAL |
| 9 (RLIN) |
209 |
| 650 ## - ASIENTO SECUNDARIO DE MATERIA - TERMINO TEMATICO |
| Topical term or geographic name as entry element |
TEORIA GENERAL DEL DERECHO |
| 9 (RLIN) |
214 |
| 942 ## - ADDED ENTRY ELEMENTS (KOHA) |
| Source of classification or shelving scheme |
|
| Koha item type |
Libros |
| Classification part |
340.11 |
| Item part |
SOP |